[Event "Hampshire Open"]
[Site "Fareham"]
[Date "2024.11.01"]
[Round "1.1"]
[White "Merriman, John"]
[Black "Waters, Andrew"]
[Result "1-0"]
[WhiteElo "2325"]
[BlackElo "1872"]
[PlyCount "47"]
[EventDate "2024.11.01"]
[EventType "swiss"]
[EventRounds "5"]
[EventCountry "ENG"]
[SourceTitle "BritBase"]
[Source "John Saunders"]
[SourceDate "2025.02.10"]
[SourceVersion "1"]
[SourceVersionDate "2025.02.10"]
[SourceQuality "1"]

1. d4 f5 2. g3 Nf6 3. Bg2 g6 4. Nh3 Bg7 5. Nf4 c6 6. c3 Na6 7. h4 d6 8. d5 cxd5 9. Nxd5 e6 10. Nxf6+ Bxf6 11. Nd2 O-O 12. e4 Nc5 13. O-O fxe4 14. Nxe4 Nxe4 15. Bxe4 d5 16. Bg2 b5 17. Qe2 a5 18. Rd1 Qe8 19. Bh6 Bg7 20. Bxg7 Kxg7 21. Qe5+ Kg8 22. Rxd5 Bb7 23. Rd6 Bxg2 24. Kxg2 1-0

[Event "Hampshire Open"]
[Site "Fareham"]
[Date "2024.11.01"]
[Round "1.2"]
[White "Cave, Iwan"]
[Black "Hordnes, Niclas"]
[Result "1-0"]
[WhiteElo "2242"]
[BlackElo "1859"]
[PlyCount "71"]
[EventDate "2024.11.01"]
[EventType "swiss"]
[EventRounds "5"]
[EventCountry "ENG"]
[SourceTitle "BritBase"]
[Source "John Saunders"]
[SourceDate "2025.02.10"]
[SourceVersion "1"]
[SourceVersionDate "2025.02.10"]
[SourceQuality "1"]

1. Nf3 d5 2. c4 d4 3. b4 e6 4. Bb2 c5 5. e3 dxe3 6. fxe3 cxb4 7. d4 Nf6 8. Bd3 Be7 9. O-O O-O 10. Nbd2 Nbd7 11. Qe2 b6 12. Rad1 a5 13. e4 e5 14. Bb1 exd4 15. e5 Ng4 16. Qe4 f5 17. Qxa8 Ne3 18. Bxd4 Qc7 19. Bxe3 Bb7 20. Qxf8+ Bxf8 21. Bxf5 Bc5 22. Bxc5 Nxc5 23. Nb3 g6 24. Bh3 Bc8 25. Bxc8 Qxc8 26. Nxc5 Qxc5+ 27. Rd4 a4 28. e6 b3 29. axb3 axb3 30. Re1 b2 31. Kh1 Kf8 32. Rdd1 Qe7 33. Ne5 b1=Q 34. Rxb1 Qxe6 35. Rxb6 Qc8 36. Rb8 1-0

[Event "Hampshire Open"]
[Site "Fareham"]
[Date "2024.11.01"]
[Round "1.3"]
[White "Kirk, Matthew"]
[Black "Dasgupta, Avyukt"]
[Result "0-1"]
[WhiteElo "1837"]
[BlackElo "2191"]
[PlyCount "68"]
[EventDate "2024.11.01"]
[EventType "swiss"]
[EventRounds "5"]
[EventCountry "ENG"]
[SourceTitle "BritBase"]
[Source "John Saunders"]
[SourceDate "2025.02.10"]
[SourceVersion "1"]
[SourceVersionDate "2025.02.10"]
[SourceQuality "1"]

1. d4 e6 2. c4 Nf6 3. Nc3 Bb4 4. e3 b6 5. Bd3 Bb7 6. f3 c5 7. Nge2 O-O 8. O-O d5 9. a3 Bxc3 10. bxc3 Ba6 11. cxd5 Bxd3 12. Qxd3 Qxd5 13. e4 Qd7 14. Be3 Nc6 15. Rfd1 Rfd8 16. Ng3 Rac8 17. e5 Nxe5 18. Qe2 Ng6 19. dxc5 Nd5 20. Qf2 Qc6 21. cxb6 axb6 22. c4 Qxc4 23. Bxb6 Rd6 24. Be3 Rdc6 25. Rdc1 Qb3 26. Rxc6 Rxc6 27. Bd4 Rc2 28. Qf1 Ndf4 29. Bf2 f5 30. a4 Nd3 31. Ba7 Ngf4 32. Qb1 Rxg2+ 33. Kh1 Rb2 34. Qg1 Nf2+ 0-1

[Event "Hampshire Open"]
[Site "Fareham"]
[Date "2024.11.01"]
[Round "1.4"]
[White "Patel, Zain"]
[Black "Clancy, Martin J"]
[Result "1-0"]
[WhiteElo "2194"]
[BlackElo "1828"]
[PlyCount "43"]
[EventDate "2024.11.01"]
[EventType "swiss"]
[EventRounds "5"]
[EventCountry "ENG"]
[SourceTitle "BritBase"]
[Source "John Saunders"]
[SourceDate "2025.02.10"]
[SourceVersion "1"]
[SourceVersionDate "2025.02.10"]
[SourceQuality "1"]

1. d4 Nf6 2. Nf3 g6 3. c4 Bg7 4. Nc3 d6 5. e4 O-O 6. Be2 e5 7. dxe5 dxe5 8. Qxd8 Rxd8 9. Bg5 Re8 10. Nd5 Nxd5 11. cxd5 Bd7 12. O-O a5 13. Rfd1 Na6 14. Rac1 c6 15. Bc4 Nc5 16. Nd2 Rac8 17. dxc6 Rxc6 18. Bb5 Rb6 19. Bxd7 Nxd7 20. Nc4 Rxb2 21. Rxd7 b5 22. Nxa5 1-0

[Event "Hampshire Open"]
[Site "Fareham"]
[Date "2024.11.01"]
[Round "1.5"]
[White "Collyer, David"]
[Black "Merriman, James"]
[Result "1/2-1/2"]
[WhiteElo "1904"]
[BlackElo "2172"]
[PlyCount "42"]
[EventDate "2024.11.01"]
[EventType "swiss"]
[EventRounds "5"]
[EventCountry "ENG"]
[SourceTitle "BritBase"]
[Source "John Saunders"]
[SourceDate "2025.02.10"]
[SourceVersion "1"]
[SourceVersionDate "2025.02.10"]
[SourceQuality "1"]

1. e4 e6 2. d4 d5 3. Nc3 Bb4 4. e5 c5 5. a3 Bxc3+ 6. bxc3 Nc6 7. Qg4 g6 8. h4 Qa5 9. Bd2 Qa4 10. Nf3 h6 11. Ra2 Bd7 12. Bd3 O-O-O 13. O-O Nge7 14. Qf4 c4 15. Be2 Kb8 16. Rb1 Rdf8 17. g4 Rh7 18. Qg3 Ka8 19. Ne1 Rfh8 20. Ng2 Qa5 21. Rd1 Qd8 1/2-1/2

[Event "Hampshire Open"]
[Site "Fareham"]
[Date "2024.11.01"]
[Round "1.6"]
[White "Anderson, Thomas R"]
[Black "Jones, Steven"]
[Result "1/2-1/2"]
[WhiteElo "1868"]
[BlackElo "2257"]
[PlyCount "99"]
[EventDate "2024.11.01"]
[EventType "swiss"]
[EventRounds "5"]
[EventCountry "ENG"]
[SourceTitle "BritBase"]
[Source "John Saunders"]
[SourceDate "2025.02.10"]
[SourceVersion "1"]
[SourceVersionDate "2025.02.10"]
[SourceQuality "1"]

1. Nf3 Nf6 2. c4 g6 3. g3 Bg7 4. Bg2 d5 5. O-O dxc4 6. Na3 O-O 7. Nxc4 Nc6 8. d4 Bg4 9. Nce5 Nxe5 10. Nxe5 c6 11. Nxg4 Nxg4 12. e3 Nf6 13. Bd2 Qb6 14. Bc3 Nd5 15. e4 Nxc3 16. bxc3 c5 17. Rb1 Qc7 18. e5 Rab8 19. f4 e6 20. Qe2 Rfd8 21. Rfd1 cxd4 22. cxd4 Rd7 23. Kh1 b6 24. d5 exd5 25. Bxd5 Qd8 26. Bg2 Rxd1+ 27. Rxd1 Qe7 28. Qd3 Rc8 29. h4 Qe6 30. Rd2 Bf8 31. Kh2 Bb4 32. Rc2 Bc5 33. Rd2 Qe7 34. Bh3 Ra8 35. Qb5 Rd8 36. Rxd8+ Qxd8 37. Qd7 Qxd7 38. Bxd7 Kf8 39. g4 Ke7 40. Bb5 Bf2 41. h5 gxh5 42. gxh5 h6 43. Kg2 Be1 44. Kf3 f6 45. Ke4 fxe5 46. Kxe5 Bd2 47. Bc4 Bc1 48. Bd3 Kd7 49. Bb5+ Ke7 50. Bd3 1/2-1/2

[Event "Hampshire Open"]
[Site "Fareham"]
[Date "2024.11.01"]
[Round "1.7"]
[White "Marusenko, Petr"]
[Black "Piecha, Lukasz Marek"]
[Result "1-0"]
[WhiteElo "2111"]
[BlackElo "1798"]
[PlyCount "85"]
[EventDate "2024.11.01"]
[EventType "swiss"]
[EventRounds "5"]
[EventCountry "ENG"]
[SourceTitle "BritBase"]
[Source "John Saunders"]
[SourceDate "2025.02.10"]
[SourceVersion "1"]
[SourceVersionDate "2025.02.10"]
[SourceQuality "1"]

1. d4 d5 2. c4 e6 3. Nc3 Nf6 4. cxd5 exd5 5. Bg5 Be7 6. e3 O-O 7. Bd3 c6 8. Qc2 h6 9. Bf4 Nbd7 10. Nge2 Re8 11. O-O Nh5 12. Nxd5 Nxf4 13. Nxe7+ Qxe7 14. Nxf4 Nf6 15. Rab1 g5 16. Ne2 Nd5 17. a3 a5 18. Ng3 Be6 19. Bh7+ Kh8 20. Bf5 Qf6 21. b4 a4 22. Bxe6 Qxe6 23. b5 Rec8 24. bxc6 Rxc6 25. Qf5 b6 26. Qxe6 fxe6 27. Rfc1 Rac8 28. Rxc6 Rxc6 29. Kf1 Rc3 30. e4 Rb3 31. Ra1 Nc3 32. Ke1 Nb5 33. d5 exd5 34. exd5 Nd6 35. Rc1 Rd3 36. Rc6 Rxd5 37. Rxb6 Nb5 38. Nh5 Re5+ 39. Kd1 Nxa3 40. g4 Nc4 41. Rb8+ Kh7 42. Rb7+ Kh8 43. Nf6 1-0

[Event "Hampshire Open"]
[Site "Fareham"]
[Date "2024.11.01"]
[Round "1.8"]
[White "Tarrent-Edwards, Philip"]
[Black "Bird, Tom"]
[Result "1/2-1/2"]
[WhiteElo "1746"]
[BlackElo "2045"]
[PlyCount "69"]
[EventDate "2024.11.01"]
[EventType "swiss"]
[EventRounds "5"]
[EventCountry "ENG"]
[SourceTitle "BritBase"]
[Source "John Saunders"]
[SourceDate "2025.02.10"]
[SourceVersion "1"]
[SourceVersionDate "2025.02.10"]
[SourceQuality "1"]

1. e4 e6 2. d4 d5 3. Nd2 Be7 4. Ngf3 Nf6 5. e5 Nfd7 6. Bd3 c5 7. c3 b6 8. Qe2 a5 9. a4 Ba6 10. Bb5 Qc8 11. O-O Nc6 12. Re1 O-O 13. Nf1 cxd4 14. cxd4 Nb4 15. Bd2 Bxb5 16. axb5 Nc2 17. Rec1 Nxa1 18. Rxc8 Rfxc8 19. h4 Nb3 20. Bg5 Bxg5 21. Nxg5 h6 22. Nxf7 Nxd4 23. Nxh6+ gxh6 24. Qg4+ Kf7 25. Qxd4 Rc4 26. Qd3 Rg8 27. Qf3+ Ke7 28. Qh5 Rcg4 29. Ne3 R4g6 30. g3 Nc5 31. Ng2 Nd3 32. Qe2 Nc5 33. Qh5 Nd3 34. Qe2 Nc5 35. Qh5 1/2-1/2

[Event "Hampshire Open"]
[Site "Fareham"]
[Date "2024.11.01"]
[Round "1.9"]
[White "Thurlow, Kevin J"]
[Black "Goodlad, Daniel"]
[Result "1-0"]
[WhiteElo "2023"]
[BlackElo "1789"]
[PlyCount "107"]
[EventDate "2024.11.01"]
[EventType "swiss"]
[EventRounds "5"]
[EventCountry "ENG"]
[SourceTitle "BritBase"]
[Source "John Saunders"]
[SourceDate "2025.02.10"]
[SourceVersion "1"]
[SourceVersionDate "2025.02.10"]
[SourceQuality "1"]

1. c4 Nf6 2. Nc3 g6 3. d4 Bg7 4. e4 d6 5. f3 O-O 6. Be3 c5 7. d5 e6 8. Qd2 Re8 9. O-O-O exd5 10. cxd5 a6 11. Nge2 b5 12. g4 b4 13. Nb1 Nbd7 14. g5 Ne5 15. gxf6 Nc4 16. fxg7 Nxd2 17. Nxd2 Kxg7 18. h4 h5 19. Ng3 Bd7 20. Bc4 Bb5 21. Rdg1 Kh7 22. Kc2 Qa5 23. Kb1 Qb6 24. Rh2 a5 25. Rhg2 Rg8 26. Bg5 a4 27. Bf6 Qa6 28. Rc1 b3 29. a3 Rae8 30. Ngf1 Qb6 31. Ne3 Bd7 32. Rg5 Qa5 33. Rg2 Qb6 34. Bd3 Bb5 35. Ndc4 Bxc4 36. Nxc4 Qc7 37. Rg5 Kh6 38. Rcg1 Qd7 39. e5 dxe5 40. Nxe5 Rxe5 41. Rxe5 Qh3 42. Be4 Qh2 43. Rc1 Qg3 44. Re7 Rf8 45. Rxc5 Qd6 46. Rc6 Qg3 47. Bg5+ Kh7 48. Bxg6+ Kg8 49. Bh6 f6 50. Rcc7 Qg1+ 51. Bc1 Rd8 52. Be4 f5 53. Bxf5 Kf8 54. Rh7 1-0

[Event "Hampshire Open"]
[Site "Fareham"]
[Date "2024.11.01"]
[Round "1.10"]
[White "Mokhber Garcia, Sebastian"]
[Black "De Coverly, Roger D"]
[Result "1/2-1/2"]
[WhiteElo "1724"]
[BlackElo "1972"]
[PlyCount "103"]
[EventDate "2024.11.01"]
[EventType "swiss"]
[EventRounds "5"]
[EventCountry "ENG"]
[SourceTitle "BritBase"]
[Source "John Saunders"]
[SourceDate "2025.02.10"]
[SourceVersion "1"]
[SourceVersionDate "2025.02.10"]
[SourceQuality "1"]

1. e4 e5 2. Nf3 d6 3. Bc4 Nf6 4. Nc3 Be7 5. d4 exd4 6. Nxd4 O-O 7. O-O Nc6 8. Nxc6 bxc6 9. Bd3 Bb7 10. f4 Re8 11. Kh1 Bf8 12. Kg1 c5 13. Qe2 c4 14. Bxc4 Nxe4 15. Nxe4 Rxe4 16. Qd3 d5 17. Bb3 c5 18. c4 d4 19. Bd2 Qd7 20. Rae1 f5 21. Bd1 Rae8 22. Bf3 Rxe1 23. Rxe1 Rxe1+ 24. Bxe1 Bxf3 25. Qxf3 Qe6 26. Qf1 Qe4 27. b3 g6 28. g3 Bg7 29. Bf2 h6 30. Qd1 g5 31. fxg5 hxg5 32. Qd2 f4 33. Qe1 Qxe1+ 34. Bxe1 Kf7 35. Kf2 Ke6 36. gxf4 gxf4 37. Kf3 Kf5 38. Bd2 Be5 39. a3 a6 40. b4 cxb4 41. axb4 Bd6 42. h4 d3 43. h5 Be5 44. h6 Kg6 45. Ke4 Bc7 46. Kxd3 Kxh6 47. Kd4 Kg5 48. Kd5 Kg4 49. Kc6 f3 50. Be3 Bf4 51. Bc5 Bd2 52. b5 1/2-1/2

[Event "Hampshire Open"]
[Site "Fareham"]
[Date "2024.11.01"]
[Round "1.11"]
[White "Spirling, Florence"]
[Black "Latypova, Olga L"]
[Result "1/2-1/2"]
[WhiteElo "1708"]
[BlackElo "1983"]
[PlyCount "96"]
[EventDate "2024.11.01"]
[EventType "swiss"]
[EventRounds "5"]
[EventCountry "ENG"]
[SourceTitle "BritBase"]
[Source "John Saunders"]
[SourceDate "2025.02.10"]
[SourceVersion "1"]
[SourceVersionDate "2025.02.10"]
[SourceQuality "1"]

1. e4 c5 2. Nf3 e6 3. Nc3 a6 4. d4 cxd4 5. Nxd4 b5 6. Bd3 Bb7 7. O-O Nc6 8. Nb3 Nf6 9. f4 Qb6+ 10. Kh1 d6 11. Qe2 Be7 12. a3 O-O 13. e5 dxe5 14. fxe5 Nd7 15. Bf4 Rfe8 16. Be3 Qc7 17. Bxh7+ Kxh7 18. Qh5+ Kg8 19. Qxf7+ Kh8 20. Rf3 Qd8 21. Rh3+ Bh4 22. Qh5+ Kg8 23. Rxh4 Ne7 24. Bg5 Rf8 25. Qh7+ Kf7 26. Rf1+ Ke8 27. Rxf8+ Nxf8 28. Qxg7 Rc8 29. Rd4 Qc7 30. Bh6 Nfg6 31. Rd6 Qc4 32. Qf6 Qg4 33. Qf2 Nf5 34. Rxe6+ Kd7 35. Rb6 Bc6 36. Nc5+ Ke7 37. Rxa6 Ngh4 38. Ra7+ Ke8 39. N3e4 Bxe4 40. Nxe4 Qxe4 41. Qf1 Qxe5 42. Qd1 Qe6 43. Qh5+ Ng6 44. Bd2 Rxc2 45. Ra8+ Kf7 46. Ra7+ Ke8 47. Ra8+ Kf7 48. Ra7+ Ke8 1/2-1/2

[Event "Hampshire Open"]
[Site "Fareham"]
[Date "2024.11.01"]
[Round "1.12"]
[White "Menseitov, Alikhan"]
[Black "Pentakota, Rajasekhar"]
[Result "0-1"]
[WhiteElo "1712"]
[BlackElo "1989"]
[PlyCount "100"]
[EventDate "2024.11.01"]
[EventType "swiss"]
[EventRounds "5"]
[EventCountry "ENG"]
[SourceTitle "BritBase"]
[Source "John Saunders"]
[SourceDate "2025.02.10"]
[SourceVersion "1"]
[SourceVersionDate "2025.02.10"]
[SourceQuality "1"]

1. d4 Nf6 2. c4 d6 3. Nc3 Nbd7 4. e4 e5 5. d5 g6 6. Be2 Bg7 7. h4 Nc5 8. f3 Nh5 9. g4 Ng3 10. Rh3 Nxe2 11. Ngxe2 h5 12. Ng1 hxg4 13. fxg4 Rxh4 14. Rg3 a5 15. Be3 g5 16. Nh3 f6 17. Qe2 Bxg4 18. Rxg4 Rxh3 19. O-O-O b6 20. Qf2 Qd7 21. Rg2 O-O-O 22. Kc2 Rdh8 23. Bxc5 bxc5 24. Nb5 Kb7 25. Qd2 Kb6 26. a3 Rh1 27. Rxh1 Rxh1 28. b4 axb4 29. axb4 Bf8 30. bxc5+ dxc5 31. Qc3 c6 32. dxc6 Qd1+ 33. Kb2 Qa1+ 34. Kb3 Rb1+ 35. Rb2 Rxb2+ 36. Qxb2 Qxb2+ 37. Kxb2 Kxc6 38. Kc2 Kd7 39. Kd2 g4 40. Ke2 Bh6 41. Nc3 Ke6 42. Na4 Bf8 43. Kf2 f5 44. Kg3 Kf6 45. Nc3 Kg5 46. exf5 Kxf5 47. Nd1 Bh6 48. Nf2 Bf4+ 49. Kh4 g3 50. Nh3 g2 0-1

[Event "Hampshire Open"]
[Site "Fareham"]
[Date "2024.11.01"]
[Round "1.13"]
[White "Cordner, David A"]
[Black "Moore, John"]
[Result "1-0"]
[WhiteElo "1970"]
[BlackElo "1605"]
[PlyCount "107"]
[EventDate "2024.11.01"]
[EventType "swiss"]
[EventRounds "5"]
[EventCountry "ENG"]
[SourceTitle "BritBase"]
[Source "John Saunders"]
[SourceDate "2025.02.10"]
[SourceVersion "1"]
[SourceVersionDate "2025.02.10"]
[SourceQuality "1"]

1. d4 d5 2. c4 c6 3. Nf3 Nf6 4. Nc3 dxc4 5. e4 b5 6. e5 Nd5 7. a4 Nxc3 8. bxc3 e6 9. g3 Bb7 10. Bg2 Be7 11. O-O O-O 12. Qc2 Nd7 13. axb5 cxb5 14. Ng5 Bxg5 15. Bxb7 Rb8 16. Be4 Bxc1 17. Rfxc1 f5 18. exf6 Nxf6 19. Rxa7 b4 20. Qe2 Qb6 21. Re7 Rfe8 22. Rxe8+ Rxe8 23. cxb4 Nxe4 24. Qxe4 Qxb4 25. Qc6 Kf7 26. Rxc4 Qb1+ 27. Kg2 Qd3 28. Qf3+ Qxf3+ 29. Kxf3 Ra8 30. Rc2 Ra4 31. Ke4 Kf6 32. f4 Ra5 33. g4 h6 34. f5 g5 35. fxe6 Kxe6 36. Rc6+ Kf7 37. Rxh6 Kg7 38. Rd6 Ra2 39. Kf5 Rxh2 40. Kxg5 Rf2 41. Rd7+ Kf8 42. Kg6 Ke8 43. Rd5 Rf4 44. Kg5 Rf1 45. Re5+ Kd7 46. Rf5 Rh1 47. d5 Rh2 48. Kg6 Kd6 49. g5 Rh1 50. Kf6 Ra1 51. g6 Ra8 52. g7 Kc5 53. Rg5 Ra6+ 54. d6+ 1-0

[Event "Hampshire Open"]
[Site "Fareham"]
[Date "2024.11.01"]
[Round "1.15"]
[White "Wicken, Jack"]
[Black "Warner, Nicholas"]
[Result "1-0"]
[WhiteElo "1878"]
[BlackElo "1615"]
[PlyCount "81"]
[EventDate "2024.11.01"]
[EventType "swiss"]
[EventRounds "5"]
[EventCountry "ENG"]
[SourceTitle "BritBase"]
[Source "John Saunders"]
[SourceDate "2025.02.10"]
[SourceVersion "1"]
[SourceVersionDate "2025.02.10"]
[SourceQuality "1"]

1. e4 c6 2. d4 d5 3. f3 e6 4. e5 Nd7 5. f4 c5 6. c3 Qb6 7. Nf3 Nh6 8. Bd3 g6 9. O-O cxd4 10. cxd4 Nf5 11. Qe2 Nxd4 12. Nxd4 Bc5 13. Be3 Bxd4 14. Bxd4 Qxd4+ 15. Kh1 Nc5 16. Bb5+ Bd7 17. Nc3 a6 18. Rad1 Qb4 19. Bxd7+ Nxd7 20. a3 Qe7 21. Rc1 O-O 22. Qe3 b5 23. Rc2 Qd8 24. Rfc1 Nb6 25. Nd1 Nc4 26. Qd4 Qa5 27. Nf2 Rab8 28. Ng4 Qd8 29. Nf6+ Kg7 30. f5 h5 31. fxg6 fxg6 32. Rf2 Rb7 33. Rcf1 Rff7 34. Qh4 Qh8 35. Qg5 d4 36. Rf3 Ne3 37. Rg3 Nxf1 38. Qxg6+ Kf8 39. Qg8+ Qxg8 40. Rxg8+ Ke7 41. Re8# 1-0

[Event "Hampshire Open"]
[Site "Fareham"]
[Date "2024.11.02"]
[Round "2.1"]
[White "Thurlow, Kevin J"]
[Black "Merriman, John"]
[Result "0-1"]
[WhiteElo "2023"]
[BlackElo "2318"]
[PlyCount "102"]
[EventDate "2024.11.01"]
[EventType "swiss"]
[EventRounds "5"]
[EventCountry "ENG"]
[SourceTitle "BritBase"]
[Source "John Saunders"]
[SourceDate "2025.02.10"]
[SourceVersion "1"]
[SourceVersionDate "2025.02.10"]
[SourceQuality "1"]

1. c4 e5 2. Nc3 c5 3. Nf3 Nc6 4. g3 g6 5. Bg2 Bg7 6. O-O Nge7 7. d3 d6 8. Bd2 O-O 9. a3 Bg4 10. Rb1 a5 11. Nd5 Nxd5 12. cxd5 Ne7 13. e4 Qc7 14. b4 axb4 15. axb4 b6 16. Qb3 Rfb8 17. Ra1 Nc8 18. Rfb1 Bd7 19. h4 h6 20. Bc3 b5 21. Nd2 Nb6 22. Rxa8 Rxa8 23. Bf1 Na4 24. Ra1 Rc8 25. Bb2 Kh7 26. Rc1 f5 27. f3 Rf8 28. Bg2 f4 29. g4 Bf6 30. g5 hxg5 31. hxg5 Bxg5 32. Ba3 Qa7 33. bxc5 dxc5 34. Kf1 Kg7 35. Qc2 Be7 36. Nb3 Rc8 37. Qf2 Qb6 38. Bb2 Nxb2 39. Qxb2 Bd6 40. Qf2 Rc7 41. Rc2 Qa7 42. Ra2 Qb8 43. Ra6 Ra7 44. Qa2 Rxa6 45. Qxa6 c4 46. Na5 c3 47. Ke1 b4 48. Nb7 b3 49. Kd1 Be7 50. d6 c2+ 51. Kc1 Bf6 0-1

[Event "Hampshire Open"]
[Site "Fareham"]
[Date "2024.11.02"]
[Round "2.2"]
[White "Pentakota, Rajasekhar"]
[Black "Cave, Iwan"]
[Result "1/2-1/2"]
[WhiteElo "1989"]
[BlackElo "2241"]
[PlyCount "74"]
[EventDate "2024.11.01"]
[EventType "swiss"]
[EventRounds "5"]
[EventCountry "ENG"]
[SourceTitle "BritBase"]
[Source "John Saunders"]
[SourceDate "2025.02.10"]
[SourceVersion "1"]
[SourceVersionDate "2025.02.10"]
[SourceQuality "1"]

1. e4 e5 2. Bc4 c6 3. Qh5 Qe7 4. Nf3 Nf6 5. Qxe5 Nxe4 6. d3 Nf6 7. Bg5 Qxe5+ 8. Nxe5 d5 9. Bb3 Bd6 10. Bxf6 gxf6 11. Nf3 Bg4 12. Nbd2 Nd7 13. h3 Bh5 14. O-O-O O-O-O 15. Rde1 Bf4 16. g4 Bg6 17. Nh4 h5 18. Nxg6 fxg6 19. d4 Rh7 20. Kd1 Rdh8 21. Rhf1 hxg4 22. hxg4 Rh2 23. c4 Nb6 24. cxd5 Nxd5 25. Re6 Rd8 26. Nf3 Rg2 27. Bxd5 Rxd5 28. Rxf6 Rxg4 29. Ke2 Bc7 30. Re6 Rf5 31. Re3 Bb6 32. Ne5 Rg2 33. Nf3 Rg4 34. Ne5 Rgg5 35. Nf3 Rh5 36. Re5 Rxe5+ 37. dxe5 Kd7 1/2-1/2

[Event "Hampshire Open"]
[Site "Fareham"]
[Date "2024.11.02"]
[Round "2.3"]
[White "Dasgupta, Avyukt"]
[Black "Cordner, David A"]
[Result "1/2-1/2"]
[WhiteElo "2191"]
[BlackElo "1967"]
[PlyCount "41"]
[EventDate "2024.11.01"]
[EventType "swiss"]
[EventRounds "5"]
[EventCountry "ENG"]
[SourceTitle "BritBase"]
[Source "John Saunders"]
[SourceDate "2025.02.10"]
[SourceVersion "1"]
[SourceVersionDate "2025.02.10"]
[SourceQuality "1"]

1. e4 c6 2. c4 d5 3. cxd5 cxd5 4. exd5 Nf6 5. Nc3 Nxd5 6. Bb5+ Bd7 7. Qb3 Nxc3 8. dxc3 Bxb5 9. Qxb5+ Qd7 10. Qe2 e6 11. Nf3 Be7 12. Bf4 O-O 13. O-O Nc6 14. Rfd1 Qc8 15. Nd4 Rd8 16. Rac1 a6 17. Rd3 Bf6 18. Nb3 Rxd3 19. Qxd3 Ne7 20. Re1 Nd5 21. Bg3 1/2-1/2

[Event "Hampshire Open"]
[Site "Fareham"]
[Date "2024.11.02"]
[Round "2.4"]
[White "Marsh, Roger DW"]
[Black "Patel, Zain"]
[Result "1/2-1/2"]
[WhiteElo "1920"]
[BlackElo "2194"]
[PlyCount "54"]
[EventDate "2024.11.01"]
[EventType "swiss"]
[EventRounds "5"]
[EventCountry "ENG"]
[SourceTitle "BritBase"]
[Source "John Saunders"]
[SourceDate "2025.02.10"]
[SourceVersion "1"]
[SourceVersionDate "2025.02.10"]
[SourceQuality "1"]

1. d4 Nf6 2. c4 e6 3. Nc3 d5 4. cxd5 Nxd5 5. e4 Nxc3 6. bxc3 c5 7. Bb5+ Bd7 8. Bxd7+ Nxd7 9. Nf3 cxd4 10. cxd4 Bb4+ 11. Bd2 Bxd2+ 12. Nxd2 O-O 13. O-O Nf6 14. e5 Nd5 15. Ne4 Qh4 16. Nd6 Nc3 17. Qd3 Qxd4 18. Qxd4 Ne2+ 19. Kh1 Nxd4 20. Nxb7 Nc2 21. Rab1 a5 22. a4 Ra7 23. f4 g6 24. g3 {(=)} Rb8 25. Nd6 Rb4 26. Rbc1 Rc7 27. Ne8 Rc5 1/2-1/2

[Event "Hampshire Open"]
[Site "Fareham"]
[Date "2024.11.02"]
[Round "2.5"]
[White "Wicken, Jack"]
[Black "Marusenko, Petr"]
[Result "1/2-1/2"]
[WhiteElo "1878"]
[BlackElo "2111"]
[PlyCount "79"]
[EventDate "2024.11.01"]
[EventType "swiss"]
[EventRounds "5"]
[EventCountry "ENG"]
[SourceTitle "BritBase"]
[Source "John Saunders"]
[SourceDate "2025.02.10"]
[SourceVersion "1"]
[SourceVersionDate "2025.02.10"]
[SourceQuality "1"]

1. e4 c6 2. d4 d5 3. f3 e6 4. Nc3 Bb4 5. Bf4 Nf6 6. e5 Nfd7 7. a3 Bxc3+ 8. bxc3 c5 9. Be3 Nc6 10. f4 Qa5 11. Qd2 cxd4 12. cxd4 Qxd2+ 13. Kxd2 Nb6 14. Nf3 Na5 15. Bd3 Nac4+ 16. Ke2 Bd7 17. Nd2 Rc8 18. Rhb1 Rc7 19. Bxc4 Nxc4 20. Nxc4 dxc4 21. a4 Bc6 22. g3 h5 23. h4 Be4 24. Kd2 O-O 25. Kc3 Rd8 26. Bc1 Bd5 27. a5 Kh7 28. f5 exf5 29. Bf4 Rcd7 30. Rd1 Rc8 31. Rdb1 Re8 32. Re1 Re6 33. Reb1 Kg8 34. Bd2 Kf8 35. Rf1 g6 36. Bg5 Ke8 37. Rfb1 Rc7 38. Rb5 Rd7 39. Rbb1 Ra6 40. Rb5 1/2-1/2

[Event "Hampshire Open"]
[Site "Fareham"]
[Date "2024.11.02"]
[Round "2.6"]
[White "Bharat Kumar, Balahari"]
[Black "Anderson, Thomas R"]
[Result "1/2-1/2"]
[WhiteElo "2159"]
[BlackElo "1868"]
[PlyCount "92"]
[EventDate "2024.11.01"]
[EventType "swiss"]
[EventRounds "5"]
[EventCountry "ENG"]
[SourceTitle "BritBase"]
[Source "John Saunders"]
[SourceDate "2025.02.10"]
[SourceVersion "1"]
[SourceVersionDate "2025.02.10"]
[SourceQuality "1"]

1. d4 d6 2. g3 Nf6 3. Bg2 Nbd7 4. c4 e5 5. Nf3 Be7 6. O-O O-O 7. Nc3 c6 8. e4 a6 9. a4 a5 10. b3 Qc7 11. h3 Re8 12. Be3 Bf8 13. Nd2 g6 14. d5 Nc5 15. Qe2 Bd7 16. g4 cxd5 17. exd5 Bg7 18. Rac1 Rac8 19. f3 Qb8 20. Nce4 Nfxe4 21. fxe4 Rf8 22. g5 b6 23. Rf6 h5 24. Rcf1 Bxf6 25. gxf6 Kh7 26. Bf3 Rh8 27. Rf2 Kg8 28. Kh2 Rc7 29. Rg2 Qc8 30. h4 Bg4 31. Bxg4 hxg4 32. Rxg4 Nd7 33. Bg5 Nf8 34. Rg2 Nh7 35. h5 Nxg5 36. Rxg5 Qf8 37. Qg4 Rh6 38. Kg1 Kh7 39. Nf3 Qc8 40. Rf5 Qg8 41. hxg6+ Qxg6 42. Ng5+ Kh8 43. Rf3 Qh5 44. Qg2 Qg6 45. Qg4 Qh5 46. Qg2 Qg6 1/2-1/2

[Event "Hampshire Open"]
[Site "Fareham"]
[Date "2024.11.02"]
[Round "2.7"]
[White "Merriman, James"]
[Black "Tarrent-Edwards, Philip"]
[Result "1-0"]
[WhiteElo "2173"]
[BlackElo "1746"]
[PlyCount "65"]
[EventDate "2024.11.01"]
[EventType "swiss"]
[EventRounds "5"]
[EventCountry "ENG"]
[SourceTitle "BritBase"]
[Source "John Saunders"]
[SourceDate "2025.02.10"]
[SourceVersion "1"]
[SourceVersionDate "2025.02.10"]
[SourceQuality "1"]

1. d4 d5 2. c4 e6 3. Nc3 c5 4. cxd5 exd5 5. Nf3 Nc6 6. g3 Nf6 7. Bg2 cxd4 8. Nxd4 Bc5 9. Nb3 Bb6 10. O-O d4 11. Na4 O-O 12. Bg5 Re8 13. Nxb6 axb6 14. e3 d3 15. Bxf6 gxf6 16. Qd2 Bf5 17. Rfd1 Qd7 18. Qc3 Kg7 19. Bxc6 bxc6 20. Nd4 Bg6 21. Qxc6 Qh3 22. Qg2 Qxg2+ 23. Kxg2 Ra5 24. a3 Rc5 25. Kf1 Rec8 26. Ke1 Rc2 27. Nxc2 dxc2 28. Rdc1 Rc5 29. b4 Rc3 30. Kd2 Rd3+ 31. Kxc2 Rxa3+ 32. Kb2 Rd3 33. Rd1 1-0